000 00288nam a2200145Ia 4500
100 _aRobin Sharma
650 _aGeneral
942 _cBK
366 _f20
245 _aWho will cry when you die?
260 _bPenquin books
_c2003
300 _a225
546 _aENGLISH
999 _c20263
_d20263